000 00314nam a22001457a 4500
008 230414b ||||| |||| 00| 0 eng d
020 _a9780373892716
041 _aeng
080 _a615.83
082 _a615.83VIR
100 _a16
101 _aEGZM
245 _aTHE VIRGIN DIET
_cVIRGIN.JJ
942 _2udc
_cBK
999 _c59555
_d59555